The wild world of the future / (Record no. 4191)

MARC details
000 -LEADER
fixed length control field 02182cam a22003257a 4500
001 - CONTROL NUMBER
control field 4191
003 - CONTROL NUMBER IDENTIFIER
control field FISKH
005 - DATE AND TIME OF LATEST TRANSACTION
control field 20240626134038.0
008 - FIXED-LENGTH DATA ELEMENTS--GENERAL INFORMATION
fixed length control field 031121s2003 oncab j 001 0 eng
010 ## - LIBRARY OF CONGRESS CONTROL NUMBER
LC control number 2003283604
016 ## - NATIONAL BIBLIOGRAPHIC AGENCY CONTROL NUMBER
Record control number 20029052726
020 ## - INTERNATIONAL STANDARD BOOK NUMBER
International Standard Book Number 1552977250 (pbk.)
020 ## - INTERNATIONAL STANDARD BOOK NUMBER
International Standard Book Number 9781552977255
020 ## - INTERNATIONAL STANDARD BOOK NUMBER
International Standard Book Number 1552977277 (bound)
035 ## - SYSTEM CONTROL NUMBER
System control number (OCoLC)ocm50898507
040 ## - CATALOGING SOURCE
Original cataloging agency NLC
Language of cataloging eng
Transcribing agency NLC
Modifying agency OCLCQ
-- MUS
-- DLC
042 ## - AUTHENTICATION CODE
Authentication code lccopycat
050 ## - LIBRARY OF CONGRESS CALL NUMBER
Classification number QH367.1
082 ## - DEWEY DECIMAL CLASSIFICATION NUMBER
Classification number 576.8
100 1# - MAIN ENTRY--PERSONAL NAME
Personal name Pye, Claire.
245 14 - TITLE STATEMENT
Title The wild world of the future /
Statement of responsibility, etc. Claire Pye
260 ## - PUBLICATION, DISTRIBUTION, ETC.
Place of publication, distribution, etc. Toronto :
Name of publisher, distributor, etc. Firefly Books,
Date of publication, distribution, etc. 2003.
300 ## - PHYSICAL DESCRIPTION
Extent 96 pages :
Other physical details color illustrations ; map ;
Dimensions 28 cm
520 ## - SUMMARY, ETC.
Summary, etc. The companion book to the television series The Future is Wild! If dinosaurs roamed the earth millions of years ago, what creatures will be around in the next 5 million years? 100 million years? 200 million years? A team of international scientists, documentary film makers and animators are imagining the future based on present-day science. Their vision of the future comes alive in a 7-part television series and The Wild World of the Future, a fascinating introduction to evolution, geology and biology. It clearly explains how the amazing creatures of the future will evolve and what our planet may look like millions of years from now. The Wild World of the Future: Profiles 36 amazing creatures including the bumblebeetle, scrofa, poggle and sharkopath Explains how the Earth changes, how it may change in the future and what habitats will develop Describes past evolution and adaptation such as how the Cactus finch evolved on the Galápagos Islands Shows future evolution in action-how a snail becomes a desert hopper Invites kids to imagine their own future with a behind-the-scenes look at the science of the show and tips for creating their own creatures Features 200 color photographs and illustrations, a glossary and index
650 #0 - SUBJECT ADDED ENTRY--TOPICAL TERM
Topical term or geographic name entry element Evolution (Biology)
General subdivision Forecasting
Form subdivision Juvenile literature.
650 #0 - SUBJECT ADDED ENTRY--TOPICAL TERM
Topical term or geographic name entry element Animal diversity
General subdivision Forecasting
Form subdivision Juvenile literature.
906 ## - LOCAL DATA ELEMENT F, LDF (RLIN)
a 7
b cbc
c copycat
d 2
e ncip
f 20
g y-gencatlg
942 ## - ADDED ENTRY ELEMENTS (KOHA)
Source of classification or shelving scheme Dewey Decimal Classification
Koha item type Books
Suppress in OPAC No
Holdings
Withdrawn status Lost status Source of classification or shelving scheme Damaged status Not for loan Collection Home library Current library Shelving location Date acquired Total Checkouts Full call number Barcode Date last seen Copy number Price effective from Koha item type
    Dewey Decimal Classification     Non-Fiction Footprints International School Library Network Toul Kork Campus Footprints International School Library Network Toul Kork Campus A TK Campus, 4th Floor, Room B401, Non-Fiction Bookcases(7-8) 06/26/2024   PYE 576.8 QH367.1 2024-0882 06/26/2024 1 06/26/2024 Books
    Dewey Decimal Classification     Non-Fiction Footprints International School Library Network Toul Kork Campus Footprints International School Library Network Toul Kork Campus A TK Campus, 4th Floor, Room B401, Non-Fiction Bookcases(7-8) 06/26/2024   PYE 576.8 QH367.1 2025-4264 08/27/2025 2 06/26/2024 Books